000 00950cam a22002771 4500
001 9831256
005 20090914090508.0
008 720606s1960 nyu | 001 0 eng d
010 _a 60016203
015 _aGB60-10427
035 _a(OCoLC)325639
040 _aDLC
_cGACCLC
_dOCoLC
_dUk
_dDLC
042 _apremarc
050 0 0 _aDK63.3
_b.D46
082 _a327.47
_222
_bDEU
100 1 _aDeutscher, Isaac,
_d1907-1967.
_910311
245 1 4 _aThe Great Contest:
_bRussia and the West/
_cby Isaac Deutscher
260 _aNew York:
_bOxford University Press,
_c1960
300 _a86 p.;
_c23 cm.
500 _aDonated by: Alaa Abdel Ghany
500 _aIncludes index
650 0 _aWorld politics
_y1955-1965.
_910312
651 0 _aSoviet Union
_x--Foreign relations
_y--1945-1991
_910313
942 _2ddc
_cBB
999 _c13123
_d13123